Cuentos armoricanos / (Registro nro. 26584)
[ vista simple ]
| 000 -CABECERA | |
|---|---|
| campo fijo de control de longitud | 01074camaa22003137a 4500 |
| 001 - NÚMERO DE CONTROL | |
| campo de control | 26584 |
| 003 - IDENTIFICADOR DEL NÚMERO DE CONTROL | |
| campo de control | AR-RoBPED |
| 005 - FECHA Y HORADE LA ULTIMA TRANSACCION | |
| campo de control | 20200304113049.0 |
| 008 - ELEMENTOS DE LONGITUD FIJA--INFORMACION GENERAL | |
| campo fijo de control de longitud | 200226b1935 sp a|||b ||| 000 1 spa d |
| 040 ## - FUENTE CATALOGADORA | |
| Centro catalogador/agencia de origen | AR-RoBPED |
| 041 ## - IDIOMA | |
| Código de idioma para texto/pista de sonido o título independiente | spa |
| 245 00 - TITULO | |
| Título | Cuentos armoricanos / |
| Mención de responsabilidad | Ilustraciones de J. de la Helguera. |
| 260 ## - PUBLICACION | |
| Lugar | Barcelona : |
| Editor | Araluce, |
| Fecha | 1935. |
| 300 ## - DESCRIPCION FISICA | |
| Extensión | 74 p. : |
| Otros detalles físicos | il. ; lám. ; |
| Dimensiones | 15 cm. |
| 490 0# - SERIE | |
| Mención de serie | Los mejores cuentos para niños ; |
| Designación de volumen o secuencia | II. |
| Mención de serie | Colección folklórica seleccionada de todas las razas y de todos los pueblos. |
| 505 02 - NOTA DE CONTENIDO | |
| Contenido | El diablo rector. |
| Contenido | Las piedras de Plouhinec. |
| Contenido | Teuz - Ar - Pouliet. |
| Contenido | Comorón. |
| Contenido | Juan Petirrojo. |
| Contenido | Incluye lista de ilustraciones. |
| 650 #4 - TERMINO DE MATERIA--CONTROLADO | |
| 9 (RLIN) | 24464 |
| Término controlado | ARCHIVO INFANTIL |
| 9 (RLIN) | 291 |
| Término controlado | CUENTOS |
| 9 (RLIN) | 261 |
| Término controlado | ENSEÑANZA PRIMARIA |
| 9 (RLIN) | 17109 |
| Término controlado | CUENTOS FOLKLORICOS |
| 700 1# - ENCABEZAMIENTO SECUNDARIO--AUTOR PERSONAL | |
| 9 (RLIN) | 24914 |
| Nombre de persona | Helguera, J. de la |
| Función | Ilustrador |
| 942 ## - ELEMENTOS KOHA | |
| Fuente de clasificación | Universal Decimal Classification |
| Número Koha | k. 26584 |
| Koha tipo de ítem | Libro |
| Clasificación | 82-93 |
| Pre signatura | IA |
| Signatura librística | C 93 ar |
| Inventario | inv. 5033 |
| 945 ## - PROCESAMIENTO DE LA INFORMACIÓN LOCAL | |
| Catalogador y fecha | mm 26/02/2020 ag 27/02/2020 |
| Estado retirado | Estado perdido | Fuente de clasificación | Estado dañado | No se presta | Biblioteca propietaria | Biblioteca de reserva | Fecha de adquisición | Procedencia | Total de préstamos | Signatura topográfica completa | Código de barras (nº de inventario) | Fecha visto por última vez | Tipo de ítem Koha | Nota pública |
|---|---|---|---|---|---|---|---|---|---|---|---|---|---|---|
| Universal Decimal Classification | No se presta | Biblioteca Pedagógica Eudoro Díaz | Biblioteca Pedagógica Eudoro Díaz | 09/06/1972 | Donación | IA 82-93 C 93 ar | 5033 | 26/02/2020 | Libro | No se presta a domicilio |